Les Bernard célèbres - Photos - Statistiques

Statistiques générales
  • Ce quiz a été pris 294 fois
  • Le résultat moyen est 6 sur 13
Statistiques - réponses
Par images Réponse % Correct
Pivot
81%
Laporte
77%
Lavilliers
75%
Montiel
70%
Cazeneuve
54%
Le Coq
53%
Ménez
50%
Mabille
46%
Thévenet
28%
Thibault
24%
Yerlès
12%
Pons
9%
Noël
4%
Aucun quiz correspondant
Distribution des résultats
% des personnes avec chaque résultat
Percentile par nombre de réponses
Votre historique - résultats
Vous n’avez pas pris ce quiz